000 01179nam a2200277 i 4500
001 159625
003 ES-MaACL
005 20250726063042.0
008 040914s1840 sp af |||| | spa d
080 _a53
080 _a54
100 1 _aMieg, Juan,
_d1780-1859
_eaut
_9129904
245 1 0 _aColección de problemas y cuestiones sobre la física y la química /
_cpor Don Juan Mieg.
260 _aMadrid :
_b[s.n.],
_c1840
_f(Imp. de Pedro Sanz y Sanz)
300 _aVIII, 286, [2] páginas, [2] hojas de láminas plegadas ;
_c16 cm
500 _aÍndice
530 _aDisponible en formato digital
650 7 _aFísica
_2embne
_912877
650 7 _aQuímica
_2embne
_916625
852 4 _aES-MaACL
_cSPP3
_gAn. ms.: "Ex dono auctoris"
_hDonativo de Juan Mieg
_jG-9929
_xHolandesa deteriorada
852 4 _aES-MaACL
_cDEPOF
_gAn. ms.: "Ex dono auctoris"
_hDonativo de Juan Mieg
_jT-27-F-1
_xEnc. en un vol. facticio
_xHolandesa, falto de cub. original
856 4 _uhttp://bdh-rd.bne.es/viewer.vm?id=0000238658&page=1
_yVersión en línea
_z(Biblioteca Digital Hispánica)
942 _2udc
_cMONANT
_n0
999 _c159625
_d159625